[Event "New Delhi Parsvnath op-B 16th"]
[Site "New Delhi"]
[Date "2018.01.11"]
[Round "7"]
[White "Arijith, M."]
[Black "Shirliyev, Allayar"]
[Result "1-0"]
[WhiteElo "1853"]
[BlackElo "1989"]
[PlyCount "69"]
[EventDate "2018.01.09"]
[EventType "swiss"]
[EventRounds "10"]
[EventCountry "IND"]
[SourceTitle "CBM 182 Extra"]
[Source "ChessBase"]
[SourceDate "2018.02.23"]
[SourceVersion "1"]
[SourceVersionDate "2018.02.23"]
[SourceQuality "1"]

1. d4 Nf6 2. c4 e6 3. Nc3 d5 4. Bg5 Be7 5. cxd5 exd5 6. e3 h6 7. Bh4 0-0 8. Bd3 b6 9. Qc2 Bb7 10. Nf3 c5 11. 0-0 Nc6 12. a3 cxd4 13. Nxd4 Nxd4 14. exd4 Rc8 15. Qe2 Re8 16. Rfe1 Bc6 17. Qf3 Bd7 18. Ba6 Rc6 19. Bxf6 Bxf6 20. Qxd5 Rce6 21. Red1 Qe7 22. Qb7 Qd6 23. Bc4 Bc6 24. Qxa7 R6e7 25. Qxb6 Rb7 26. Qa6 Bxd4 27. Rxd4 Qxd4 28. Qxc6 Rbe7 29. g3 Qd2 30. Rb1 Rb8 31. Qd5 Rxb2 32. Rxb2 Re1+ 33. Kg2 Qxb2 34. Qxf7+ Kh7 35. Bd3+ 1-0

[Event "Asia-ch U20"]
[Site "New Delhi"]
[Date "2016.05.05"]
[Round "3"]
[White "Arijith, M."]
[Black "Rajdeep, Sarkar"]
[Result "0-1"]
[WhiteElo "1603"]
[BlackElo "2217"]
[PlyCount "108"]
[EventDate "2016.05.04"]
[EventType "swiss"]
[EventRounds "9"]
[EventCountry "IND"]
[SourceTitle "CBM 172 Extra"]
[Source "ChessBase"]
[SourceDate "2016.06.21"]
[SourceVersion "1"]
[SourceVersionDate "2016.06.21"]
[SourceQuality "1"]

1. d4 d5 2. Nf3 Nf6 3. e3 c5 4. Bd3 g6 5. 0-0 Nbd7 6. b3 Bg7 7. Bb2 0-0 8. Nbd2 b6 9. c4 Bb7 10. Qc2 Rc8 11. Rac1 cxd4 12. exd4 dxc4 13. bxc4 Qc7 14. Qb1 Qb8 15. Ba3 Rfe8 16. Rfe1 e6 17. c5 Qa8 18. Ne4 Nxe4 19. Bxe4 Bxe4 20. Qxe4 Qxe4 21. Rxe4 Bf8 22. h3 Rc7 23. cxb6 Rxc1+ 24. Bxc1 Nxb6 25. Re2 Rc8 26. Be3 Nd5 27. Rb2 a5 28. Ne5 f6 29. Nd7 Bd6 30. Nb6 Rb8 31. Nc4 Rxb2 32. Nxb2 Bb4 33. Nc4 a4 34. Kf1 Kf7 35. a3 Be7 36. Ke2 Ke8 37. Kd3 Kd7 38. Bc1 Kc6 39. g3 Nc7 40. Nd2 Nb5 41. Nc4 f5 42. Bb2 Nc7 43. Ne5+ Kb5 44. Nc4 Nd5 45. Ne3 Nxe3 46. fxe3 Bd6 47. g4 fxg4 48. hxg4 h5 49. gxh5 gxh5 50. d5 exd5 51. e4 h4 52. e5 Be7 53. e6 h3 54. Be5 Kc6 0-1

[Event "IND-ch U17"]
[Site "Bengaluru"]
[Date "2015.10.08"]
[Round "8"]
[White "Sai Agni, Jeevitesh J"]
[Black "Arijith, M."]
[Result "1-0"]
[WhiteElo "2060"]
[BlackElo "1714"]
[PlyCount "62"]
[EventDate "2015.10.03"]
[EventType "swiss"]
[EventRounds "11"]
[EventCountry "IND"]
[SourceTitle "CBM 168 Extra"]
[Source "ChessBase"]
[SourceDate "2015.10.29"]
[SourceVersion "1"]
[SourceVersionDate "2015.10.29"]
[SourceQuality "1"]

1. d4 Nf6 2. c4 e6 3. Nc3 Bb4 4. e3 0-0 5. Nge2 c5 6. a3 cxd4 7. exd4 Be7 8. g3 d5 9. cxd5 exd5 10. Bg2 Nc6 11. 0-0 Be6 12. Re1 Ne8 13. b4 Nc7 14. Bf4 Bd6 15. Qd3 a6 16. Rac1 Ne7 17. Na4 Bf5 18. Qb3 Ne6 19. Be3 Rb8 20. Nac3 Nc7 21. Bf4 Bxf4 22. Nxf4 Nc6 23. Rcd1 Qf6 24. Ncxd5 Nxd5 25. Nxd5 Qg6 26. Nf4 Qf6 27. Qe3 Rbd8 28. d5 Nb8 29. Qe5 Nd7 30. Qc7 b5 31. d6 Qc3 1-0